| Tag |
First Indicator |
Second Indicator |
Subfields |
| LEADER |
00000cam a2200000 4500 |
| 001 |
in00000054573 |
| 005 |
20151008052048.0 |
| 008 |
730420s1917 enka 00000 eng u |
| 010 |
|
|
|a 18007403
|
| 035 |
|
|
|a (OCoLC)00607476
|
| 035 |
|
|
|9 AAH1477AM
|
| 040 |
|
|
|c KSU
|d TXA
|d UtOrBLW
|
| 049 |
|
|
|a TXAM
|c [12370]
|
| 050 |
0 |
0 |
|a HD2321
|b .H6 1917a
|
| 092 |
|
|
|a 331
|b H684e, 1917
|
| 100 |
1 |
|
|a Hobson, J. A.
|q (John Atkinson),
|d 1858-1940.
|
| 245 |
1 |
4 |
|a The evolution of modern capitalism ;
|b a study of machine production /
|c by John A. Hobson.
|
| 250 |
|
|
|a New ed.
|
| 264 |
|
1 |
|a London :
|b The Walter Scott publishing co., ltd.;
|a New York :
|b C. Scribner's sons,
|c [1917]
|
| 300 |
|
|
|a xvi,488 pages :
|b diagrams ;
|c 20 cm.
|
| 336 |
|
|
|a text
|b txt
|2 rdacontent
|
| 337 |
|
|
|a unmediated
|b n
|2 rdamedia
|
| 338 |
|
|
|a volume
|b nc
|2 rdacarrier
|
| 490 |
1 |
|
|a The contemporary science series
|
| 500 |
|
|
|a "This new and enlarged edition ... contains additions and alterations so great as to consitute it in effect a new book."
|
| 650 |
|
0 |
|a Industries
|x History.
|
| 650 |
|
0 |
|a Capital.
|
| 650 |
|
0 |
|a Machinery in the workplace.
|
| 830 |
|
0 |
|a Contemporary science series.
|
| 999 |
|
|
|a MARS
|
| 999 |
f |
f |
|s c5018098-9ba0-30eb-9cc7-a70283bfb408
|i 75a1d639-7d1b-3675-b01d-c8383e3aed8f
|t 0
|
| 952 |
f |
f |
|p ric
|a Texas A&M University
|b Rellis Campus
|c Joint Library Facility
|d Remote Storage
|t 0
|e HD2321 .H6 1917a
|h Library of Congress classification
|i unmediated -- volume
|m A14800711535
|
| 998 |
f |
f |
|a HD2321 .H6 1917a
|t 0
|l Remote Storage
|